zpět

Detail výsledku týmu

R.A.M., Jablonec nad Nisou

Datum a čas kvízu

18 Celkem bodů Celkový počet nahraných bodů na tomto kvízu bez doplňovacích otázek.
21. Pořadí na kvízu Konečné umístění týmu na tomto kvízu.

Zaznamenané odpovědi

# Otázka Odpověď Body Výsledky
1. Český premiér Andrej Babiš při... o pistoli 1
2. Britská královna Alžběta II. o... Instagram 0
3. Poté, co skončil úspěšný seriá... Zkáza Dejvického divadla 1
4. V charitativní loterii, v níž... papeži Františkovi 1
5. Klub NBA Washington Wizards ot... Tomáš Satoranský 1
6. V prvních čtyřech otázkách tém... Alois Jirásek, Staré pověsti české 0
7. "Ačkoli nemám rád všechna ta p... Zdeněk Jirotka, Saturnin 1
8. "Mé nejstarší vzpomínky... To... Karel Čapek, Hovory s TGM 0
9. „Drva hlaďúnký, bílúnký, a tak... Rudolf Těsnohlídek, Liška Bystrouška 0
10. "V jednom kupé druhé třídy ryc... B 1